| 000 | 00642nam a2200229 4500 | ||
|---|---|---|---|
| 003 | MX-MxINE | ||
| 005 | 20260601193909.0 | ||
| 008 | 260521b1969 ag a|||| |||| 00| 0 spa d | ||
| 040 |
_aICI _bspa _cICI _erda |
||
| 041 | _aspa | ||
| 050 |
_aHC79.I5 _bI53 |
||
| 100 |
_aGrichener, Silvo, arq _eDirector _934793 |
||
| 245 |
_aIndustrialización _cSilvo Grichener |
||
| 300 |
_a36 páginas: _bilustraciones |
||
| 336 |
_2rdacontent _atexto |
||
| 337 |
_2rdamedia _asin medio |
||
| 338 |
_2rdacarrier _avolumen |
||
| 650 |
_aIndustrialización. _934794 |
||
| 650 | _aDesarrollo económico. | ||
| 650 |
_a Industria _918204 |
||
| 942 |
_2lcc _n1 _cB |
||
| 999 |
_c22505 _d22505 |
||